El hombre unidimensional : (Record no. 10936)

MARC details
000 -LEADER
fixed length control field 00615nam a22001937a 4500
003 - CONTROL NUMBER IDENTIFIER
control field AR-FvUNAJ
005 - DATE AND TIME OF LATEST TRANSACTION
control field 20250516132611.0
008 - FIXED-LENGTH DATA ELEMENTS--GENERAL INFORMATION
fixed length control field 231006b ||||| |||| 00| 0 spa d
022 ## - INTERNATIONAL STANDARD SERIAL NUMBER
International Standard Serial Number 968-22-0105-5
040 ## - CATALOGING SOURCE
Transcribing agency AR-FvUNAJ
082 14 - DEWEY DECIMAL CLASSIFICATION NUMBER
Edition number 14
Classification number 141
100 1# - MAIN ENTRY--PERSONAL NAME
9 (RLIN) 7746
Personal name Marcuse, Herbert
245 13 - TITLE STATEMENT
Title El hombre unidimensional :
Remainder of title ensayo sobre la ideología de la sociedad industrial avanzada /
Statement of responsibility, etc Herbert Marcuse
260 ## - PUBLICATION, DISTRIBUTION, ETC. (IMPRINT)
Place of publication, distribution, etc México :
Name of publisher, distributor, etc Orígen/Planeta,
Date of publication, distribution, etc 1985
300 ## - PHYSICAL DESCRIPTION
Extent 286 p.
440 ## - SERIES STATEMENT/ADDED ENTRY--TITLE
9 (RLIN) 6141
Title Obras Maestras del Pensamiento Contemporáneo
Volume number/sequential designation 5
650 17 - SUBJECT ADDED ENTRY--TOPICAL TERM
Source of heading or term unescot
9 (RLIN) 674
Topical term or geographic name as entry element FILOSOFIA
942 ## - ADDED ENTRY ELEMENTS (KOHA)
Source of classification or shelving scheme Dewey Decimal Classification
Koha item type Libro, folleto, traducción
980 ## - EQUIVALENCE OR CROSS-REFERENCE-SERIES STATEMENT--PERSONAL NAME/TITLE [LOCAL, CANADA]
Linkage 19226
Personal name Palazón Marcela I.
Field link and sequence number 19226
Miscellaneous information Palazón Marcela I.
Holdings
Withdrawn status Lost status Source of classification or shelving scheme Damaged status Not for loan Home library Current library Date acquired Total Checkouts Full call number Barcode Date last seen Copy number Price effective from Koha item type
    Dewey Decimal Classification     Biblioteca Central Biblioteca Central 16/05/2025   141 MAR UNAJ25050010 16/05/2025 1 16/05/2025 Libro, folleto, traducción

Lunes a Viernes 8:30 a 19:00 hs. Cerrado por mudanza
Av.Calchaqui 6200 Florencio Varela (CP188) 2°piso Edificio Mosconi Aula 209-210
Mail: bibliotecacentralunaj@gmail.com  
Whatsapp(54 9)1122668024    ❔Pregunte a la bibliotecaria
© Universidad Nacional Arturo Jauretche | Secretaría Académica | Biblioteca Central UNAJ